ბათუმის შოთა რუსთაველის სახელმწიფო უნივერსიტეტის ბიბლიოთეკა

Social media campaigns : (ბიბ.ჩანაწერი № 57531)

000 -LEADER
fixed length control field 01013cam a2200229 i 4500
001 - CONTROL NUMBER
control field 18947795
005 - DATE AND TIME OF LATEST TRANSACTION
control field 20221109174153.0
008 - FIXED-LENGTH DATA ELEMENTS--GENERAL INFORMATION
fixed length control field 160126s20162016nyua b 001 0 eng
020 ## - INTERNATIONAL STANDARD BOOK NUMBER
International Standard Book Number 9781138948594x
041 ## - LANGUAGE CODE
Language code of text/sound track or separate title eng
080 ## - UNIVERSAL DECIMAL CLASSIFICATION NUMBER
Universal Decimal Classification number 658 K-45
100 1# - MAIN ENTRY--PERSONAL NAME
Personal name Kim, Carolyn Mae,
Relator term author.
9 (RLIN) 9004
245 10 - TITLE STATEMENT
Title Social media campaigns :
Remainder of title strategies for public relations and marketing /
Statement of responsibility, etc. Carolyn Mae Kim.
264 #1 - PRODUCTION, PUBLICATION, DISTRIBUTION, MANUFACTURE, AND COPYRIGHT NOTICE
Place of production, publication, distribution, manufacture New York :
Name of producer, publisher, distributor, manufacturer Routledge, Taylor & Francis Group,
Date of production, publication, distribution, manufacture, or copyright notice 2016.
300 ## - PHYSICAL DESCRIPTION
Extent 181 pages :
Other physical details illustratons ;
Dimensions 24 cm.
504 ## - BIBLIOGRAPHY, ETC. NOTE
Bibliography, etc. note Includes bibliographical references and index.
653 ## - INDEX TERM--UNCONTROLLED
keyword საზოგადოებასთან ურთიერთობისა და მარკეტინგის სტრატეგიები
653 ## - INDEX TERM--UNCONTROLLED
keyword სოციალური მედია
653 ## - INDEX TERM--UNCONTROLLED
keyword Кампании в социальных сетях
653 ## - INDEX TERM--UNCONTROLLED
keyword стратегии по связям с общественностью и маркетингу
942 ## - ADDED ENTRY ELEMENTS (KOHA)
Source of classification or shelving scheme
Koha item type წიგნი
ეგზემპლარები
Withdrawn status Lost status Source of classification or shelving scheme Damaged status Not for loan Permanent Location Current Location Shelving location Date acquired Cost, normal purchase price Full call number Barcode Date last seen Copy number Price effective from Koha item type Public note
          ბათუმის შოთა რუსთაველის სახელმწიფო უნივერსიტეტის მთავარი ბიბლიოთეკა ბათუმის შოთა რუსთაველის სახელმწიფო უნივერსიტეტის მთავარი ბიბლიოთეკა წიგნსაცავი 2020-07-02 141.00 658 K-45 60728 2020-07-02 60728 2020-07-02 წიგნი 141 ლ.